000 00816nam a2200241Ia 4500
003 OSt
005 20221005113032.0
006 a|||||r|||| 00| 0
007 ta
008 221004b |||||||| |||| 00| 0 pan d
024 _a118667
037 _cTextual
040 _aCRL
_cCRL
_bpan
041 _2pan
_apan
082 _aO153:g, P6
100 _aਅਰੀ, ਗੁਰਚਰਨ ਸਿੰਘ, ਥਦ।
245 0 _aਬਿਰਤਾਂਤ ਾਸਤ੍ਰ ਅਤੇ ਪੰਜਾਬੀ ਚਿੰਤਨ
260 _aਦਿੱਲੀ
_bਪੰਜਾਬੀ ਅਕਾਦਮੀ ਭਾਰਤ
_c2006
300 _a200ਪੰ
_ccm.
650 _aਪੰਜਾਬੀ ਸਾਹਿਤ
942 _hO153:g, P6
_cTEXL
_2cc
999 _c1026847
_d1026847